000 00445nam a22001697a 4500
005 20260331154203.0
008 260331b |||||||| |||| 00| 0 eng d
020 _a978-9350-9034-07
050 _aRC 734.B7P73 2014
100 _aRAJENDRA PRASAD
245 _aATLAS OF FIBEROPTIC BRONCHOSCOPY
260 _aNEW DELHI
_bJAYBEE BROTHERS
_c2014
300 _aX,143
500 _aINCLUDES AN INDEX
650 _aBronchoscopy
942 _2lcc
_cBK
999 _c216909
_d216909